Central Library OPAC University of Rajshahi

Fish diseases / (Record no. 54043)

MARC details
000 -LEADER
fixed length control field 00937nam a2200301 a 4500
001 - CONTROL NUMBER
control field 54043
003 - CONTROL NUMBER IDENTIFIER
rucl marc code BD-RjUL
005 - DATE AND TIME OF LATEST TRANSACTION
control field 20211209080050.0
008 - FIXED-LENGTH DATA ELEMENTS--GENERAL INFORMATION
fixed length control field 16-11-s1991 ii a b 101 0 eng
020 ## - INTERNATIONAL STANDARD BOOK NUMBER
International Standard Book Number 0387104062 (U.S.)
035 ## - SYSTEM CONTROL NUMBER
System control number (BD-RjUL)54165
040 ## - CATALOGING SOURCE
Original cataloging agency DLC
Transcribing agency DLC
Modifying agency DLC
-- BD-RjUL
Language of cataloging eng
041 ## - LANGUAGE CODE
Language code of text/sound track or separate title eng
082 00 - DEWEY DECIMAL CLASSIFICATION NUMBER
Classification number 636.96
Edition number 23
Author mark and year SCF 1991
100 ## - MAIN ENTRY--PERSONAL NAME
Personal name Schaperclaus Wilhelm
9 (RLIN) 161358
245 10 - TITLE STATEMENT
Title Fish diseases /
Statement of responsibility, etc. Wilhelm Schaperclaus ; W. Schaperclaus, H. Kulow and K. Schreckenbach
260 ## - PUBLICATION, DISTRIBUTION, ETC. (IMPRINT)
Place of publication, distribution, etc. New Delhi :
Name of publisher, distributor, etc. Oxonian Press Pvt. Ltd,
Date of publication, distribution, etc. c1991
300 ## - PHYSICAL DESCRIPTION
Pagination V. :
Illustrations ill. ;
Size 25 cm.
504 ## - BIBLIOGRAPHY, ETC. NOTE
Bibliography, etc Includes bibliographies and index.
505 ## - FORMATTED CONTENTS NOTE
Formatted contents note Vol. 1-- V. 2 ---
650 #0 - SUBJECT ADDED ENTRY--TOPICAL TERM
Topical term or geographic name as entry element Fishes
General subdivision Diseases
9 (RLIN) 161360
700 ## - ADDED ENTRY--PERSONAL NAME
Personal name Schaperclaus, W.
Dates associated with a name Kulow H.
Personal name Schreckenbach K.
942 ## - ADDED ENTRY ELEMENTS (KOHA)
Source of classification or shelving scheme Dewey Decimal Classification
Koha item type Books
Holdings
Lost status Source of classification or shelving scheme Damaged status Not for loan Collection code Permanent Location Current Location Shelving location Date acquired Source of acquisition Cost, normal purchase price Total Checkouts Full call number Date last seen Copy number Koha item type
  Dewey Decimal Classification     Non-fiction Central Library, University of Rajshahi Central Library, University of Rajshahi   15/05/1969 Book view 2000.00   636.96 SCF V-2 1991 01/11/2016 C-2 Books
  Dewey Decimal Classification   Not For Loan Non-fiction Central Library, University of Rajshahi Central Library, University of Rajshahi Reading Room 15/05/1996 Book view, Dhaka 2000.00   636.96 SCF V-1 1991 08/04/2017 C-1 Books